Les 100 phrases les plus utiles en espagnol 🇪🇸 - Statistiques

Statistiques générales
  • Ce quiz a Ă©tĂ© pris 85 fois
  • Le rĂ©sultat moyen est 23 sur 100
Statistiques - réponses
Hint Réponse % Correct
Salut Hola
100%
Merci Gracias
83%
Bonjour Buenos dĂ­as
80%
Bonsoir Buenas tardes / Buenas noches
75%
Enchanté(e) Encantado/a
75%
Tu as tort Estás equivocado/a.
72%
Tu es sûr(e) ? ¿Estás seguro/a?
72%
J’ai tort Estoy equivocado/a
72%
J’en ai marre Estoy harto/a.
72%
De rien De nada
70%
Merci beaucoup Muchas gracias
64%
Au revoir AdiĂłs
59%
Bonne nuit Buenas noches
59%
À tout à l’heure Hasta luego
41%
Ça marche Vale. / Está bien.
41%
Je m’appelle… Me llamo…
39%
Je ne sais pas No lo sé
39%
J’ai … ans Tengo … años
39%
C’est bien Está bien
34%
C’est vrai Es verdad
34%
C’est normal Es normal
33%
À demain Hasta mañana
33%
Moi aussi Yo también
33%
Ă€ bientĂ´t Hasta pronto
31%
Je ne comprends pas No entiendo
31%
Je ne peux pas No puedo
31%
Excuse-moi PerdĂłn. / DiscĂşlpame.
31%
J’habite à… Vivo en…
31%
Je ne veux pas No quiero
30%
Je n’ai pas d’argent No tengo dinero
30%
C’est faux Es falso
28%
Désolé(e) Lo siento
28%
Je ne pense pas No pienso asĂ­. / No creo
28%
Je n’ai pas le temps No tengo tiempo
28%
J’ai froid Tengo frío
28%
Je crois que non Creo que no
27%
C’est impossible Es imposible
27%
J’ai raison Tengo razón
27%
Je travaille à… Trabajo en…
27%
C’est possible Es posible
25%
Ce n’est pas possible No es posible
25%
J’ai chaud Tengo calor
23%
J’ai faim Tengo hambre
23%
Bien sûr Claro. / Por supuesto.
22%
Il est tard Es tarde
22%
Ça va bien Estoy bien
22%
Ça me plaît Me gusta
22%
Il n’y a pas de souci | Pas de problème No hay problema
22%
Je pense que oui Creo que sĂ­
20%
Il y a un problème Hay un problema
20%
Il y a beaucoup de monde Hay mucha gente
17%
J’ai soif Tengo sed
17%
Tu as raison Tienes razĂłn
17%
C’est trop Es demasiado
16%
Ça dépend Depende
14%
Je ne suis pas d’accord No estoy de acuerdo.
14%
Ce n’est pas grave No pasa nada
14%
Je suis d’accord Estoy de acuerdo
13%
J’ai sommeil Tengo sueño
13%
Je n’ai pas envie No tengo ganas
11%
T’inquiète No te preocupes
11%
Il y a longtemps Hace mucho tiempo
9%
C’est fini Se acabó. / Está terminado.
9%
Ă€ mon avis En mi opiniĂłn
6%
Attends une seconde Espera un segundo
6%
Il ne faut pas No hay que… / No se debe.
6%
Je ne crois pas No lo creo
6%
Évidemment Obviamente. / Claro que sí.
6%
Et toi ? ÂżY tĂş?
5%
Comme d’hab Como siempre
3%
Il y a quelques jours Hace unos dĂ­as
3%
Comme ci, comme ça Más o menos. / Así, así.
3%
Pas mal No está mal
3%
Tu veux quoi ? ¿Qué quieres?
3%
Ça va ? ¿Qué tal? / ¿Cómo estás?
3%
Bonne soirée Que tengas una buena tarde/noche
3%
Tu as faim ? ÂżTienes hambre?
3%
On y va ? ÂżVamos?
3%
Tu comprends ? ÂżEntiendes?
2%
Ça ne fait rien No importa.
2%
Laisse tomber Olvídalo. / Déjalo.
2%
Bonne journée Que tengas un buen día
2%
Tu as soif ? ÂżTienes sed?
2%
Pas encore TodavĂ­a no
2%
OĂą est-ce que tu vas ? ÂżAdĂłnde vas?
0%
Ça suffit ! ¡Basta!
0%
Comment ça s’écrit ? ¿Cómo se escribe?
0%
Pas du tout En absoluto. / Para nada
0%
C’est bon Está rico
0%
Ça me saoule Me fastidia. / Me harta.
0%
Pas mal du tout Nada mal
0%
Tant pis Ni modo. / Qué le vamos a hacer
0%
Pourquoi pas ? ¿Por qué no?
0%
Qu’est-ce que c’est ? ¿Qué es eso?
0%
Qu’est-ce que tu fais ? ¿Qué haces?
0%
Ça roule Todo bien
0%
Allez, vas-y ! ¡Vamos, adelante!
0%
C’est parti ! ¡Vamos! / ¡Empezamos!
0%
Tu viens ? ÂżVienes?
0%
Aucun quiz correspondant
Distribution des résultats
% des personnes avec chaque résultat
Percentile par nombre de réponses
Votre historique - résultats
Vous n’avez pas pris ce quiz